Francisco Goya y Lucientes : 1746-1828

Αποθηκεύτηκε σε:
Λεπτομέρειες βιβλιογραφικής εγγραφής
Κύριος συγγραφέας: Tomlinson, Janis A.
Μορφή: Βιβλίο
Γλώσσα:English
Δημοσίευση: London : Phaidon, c2001
Θέματα:
Ετικέτες: Προσθήκη ετικέτας
Δεν υπάρχουν, Καταχωρήστε ετικέτα πρώτοι!

MARC

LEADER 00000nam a2200000 i 4500
001 1/61125
008 040914s2001 eng d
020 |a 0-7148-3844-6 
035 |l 10074417 
040 |a GR-MY-UA  |b gre  |e aacr 
041 0 |a eng 
082 0 |a 759.6  |2 (21) 
100 1 |a Tomlinson, Janis A. 
245 1 0 |a Francisco Goya y Lucientes :  |b 1746-1828 /  |c Janis Tomlinson 
260 |a London :   |b Phaidon,   |c c2001 
300 |a 320 σ.;  |b εγχρ. εικ.;  |c 29 εκ. 
500 |a Πρώτη έκδοση 1994, ανατύπωση 1999, 2001 
600 1 0 |a Goya Francisco  |d 1746-1828. 
650 0 0 |a Painting, Spanish. 
852 |a INST  |b LESVOS  |e 20040914  |h 759.6 TOM  |p 005100030368  |q 005100030368  |t BK  |y 0 
901 |a BIBL1-2004-3 
909 |a Λ  |b 112090 
922 |a 1ΕΛΗ  |b 200406  |c ΕΠΕΑΕΚ2/ΤΚΑ  |d ΜΙΧΑΛΟΠΟΥΛΟΣ 
950 |a 117-2004-06-11 
970 |a ΤΖΑΦΕΡΗ  |b ΕΥΑΓΓΕΛΙΑ  |z 2004/11/18